| 000 | 00531nam a2200181Ia 4500 | ||
|---|---|---|---|
| 003 | OSt | ||
| 005 | 20200818095338.0 | ||
| 008 | 190216s9999||||xx |||||||||||||| ||und|| | ||
| 040 | _coclc | ||
| 082 |
_a546 _bDAY/T |
||
| 100 |
_aDay, M Clyde _94166 |
||
| 245 | 0 |
_aTheoretical Inorganic Chemistry / _cM Clyde Day ; Joel Selbin |
|
| 250 | _a2nd Ed. | ||
| 260 |
_bAffiliated East West Press, _c1980. _aNew Delhi: |
||
| 300 | _a590p | ||
| 650 | _aChemistry-Chemistry | ||
| 942 |
_cBK _2ddc _h546 _iDAY/T _k546 _mDAY/T |
||
| 999 |
_c2881 _d2881 |
||